Áno a nie futurizmu

Bibliographic Details
Main Author: Mojík, Ivan, 1928-2007 (Author)
Format: Article
Language:Slovak
ISSN:0231-6714
Subjects:

MARC

LEADER 00000nab a2200000 a 4500
001 vtls000659229
003 SK-MaSNL
005 20260304091859.0
008 250425c1998 xo 0 slo
015 |a SNBRB1998/05-13157 
035 |a CLN000011421 
035 |a urn:nbn:sk:snk-abbrrg 
035 |a (urnnbn)urn:nbn:sk:snk:ar-0000d0 
035 |a (uuid)718f34b2-5ec1-4f40-b461-21c4ca5e0da2 
040 |a SNKBUCL  |b slo  |c SNKBUCL  |e AACR2 
041 0 |a slo 
044 |a xo  |c SK 
080 |a 82.015  |2 1997 
080 |a 82(091):850"19"  |2 1997 
080 |a 850(091)"19"  |2 1997 
080 |a 73/76.036.7  |2 1997 
100 1 |a Mojík, Ivan,  |d 1928-2007  |4 aut  |9 13383 
245 1 0 |a Áno a nie futurizmu  |c Ivan Mojík 
504 |a Biogr. údaje 
505 1 |a Obsahuje báseň I. Mojíka Oslobodené slová 
650 0 7 |a literatúra talianska  |x futurizmus  |x štúdie  |2 snkbucl  |9 1384838 
650 0 7 |a umenie výtvarné  |x futurizmus  |x štúdie  |2 snkbucl  |9 1384839 
655 7 |a články z novín a časopisov  |2 snkbucl  |9 267496 
773 0 |t Romboid  |g Roč. 33, č. 3 (1998), s. 55-65  |x 0231-6714 
850 |a Slovenská národná knižnica 
852 |a Slovenská národná knižnica 
958 |a article15 
958 |a OND 
958 |a LX 
958 |a IT 
958 |a EUIPO 
992 |a RBX 
999 |c 2817211  |d 2819141